Statistics for Essential Amino Acids

Click here to take the quiz!

General Stats

  • This quiz has been taken 151 times
  • The average score is 8 of 10

Answer Stats

HintAnswer% Correct
#9Valine
92%
#3Leucine
87%
#8Tryptophan
87%
#2Isoleucine
85%
#5Methionine
83%
#6Phenylalanine
83%
#4Lysine
81%
#7Threonine
79%
#1Histidine
77%
Essential for children but not adultsArginine
73%

Score Distribution

Percentile by Number Answered

Percent of People with Each Score

Your Score History

You have not taken this quiz